00480 2200181 4500001002100000005001500021008004100036020002200077035001900099041000700118082001100125090001700136100002000153245005900173260003700232300001900269650001000288INLIS00000000001266320241224114416241224||||||||| | ||| |||| || |  a978-979-692-182-9 0010-1224012663 aid0 a297.26 a297.26 BAY k0 aBayong Tjasyono00aKeajaiban Planet Bumi:Dalam Perspektif Sains Dan Islam aBandungbRemaja Rosdakaryac2014 a165hlm;16X24cm 0aAgama